[Event "5th FIDE GP w"]
[Site "Ulaanbaatar MGL"]
[Date "2010.08.10"]
[Round "10"]
[White "Zhu Chen"]
[Black "Chiburdanidze,M"]
[Result "1-0"]
[WhiteElo "2476"]
[BlackElo "2514"]

1.d4 Nf6 2.c4 e6 3.Nc3 Bb4 4.Qc2 O-O 5.a3 Bxc3+ 6.Qxc3 d5 7.Nf3 dxc4 8.Qxc4 b6
9.Bg5 Ba6 10.Qc2 Nbd7 11.e4 Bxf1 12.Rxf1 h6 13.Bh4 c5 14.e5 g5 15.Nxg5 hxg5
16.Bxg5 Qb8 17.exf6 Qxh2 18.O-O-O cxd4 19.Kb1 Qh7 20.Rxd4 Qxc2+ 21.Kxc2 Rfc8+
22.Kb1 Rc5 23.f4 Nf8 24.Rd3 Rd5 25.Rxd5 exd5 26.f5 Nh7 27.Bh4 Rd8 28.Rc1 Nf8
29.Rc6 d4 30.Kc2 Nd7 31.Rd6 Rc8+ 32.Kb1 Nc5 33.Rxd4 Re8 34.b4 Na4 35.Kc2 b5
36.g4 Rc8+ 37.Kd2 Nb6 38.g5 Kh7 39.Bf2 Nc4+ 40.Ke2 Re8+ 41.Kf3 a6 42.Kf4 Re2
43.Bh4 Rd2 44.Re4 Nb6 45.g6+ fxg6 46.Re7+ Kh8 47.fxg6 Nd5+ 48.Ke4  1-0

[Event "WCh w Blitz Semi-Final"]
[Site "Moscow RUS"]
[Date "2010.09.15"]
[Round "1"]
[White "Zhu Chen"]
[Black "Chasovnikova,E"]
[Result "1-0"]
[WhiteElo "2480"]
[BlackElo "2248"]

1.d4 d5 2.c4 e6 3.Nc3 Be7 4.Nf3 Nf6 5.Bf4 O-O 6.e3 c5 7.dxc5 Bxc5 8.cxd5 exd5
9.a3 Nc6 10.Be2 Be6 11.O-O a6 12.Ne5 Rc8 13.Rc1 Nxe5 14.Bxe5 Ne4 15.Bf3 Nxc3
16.Rxc3 Qe7 17.Bd4 Bd6 18.Rd3 Qh4 19.g3 Qe7 20.Bc3 Qg5 21.Bxd5 Bf5 22.Rd2 Bxa3
23.Bxg7 Qxg7 24.bxa3 Rc7 25.Qb3 b5 26.Rd4 Rfc8 27.Bg2 Be6 28.Qd1 Qf6 29.a4 Rc2
30.axb5 axb5 31.Rf4 Qg7 32.Qd6 R2c5 33.Rd1 Rc4 34.Rfd4 b4 35.Rxc4 Rxc4 36.Qb8+  1-0

[Event "WCh w Blitz Semi-Final"]
[Site "Moscow RUS"]
[Date "2010.09.15"]
[Round "3"]
[White "Fominykh,M"]
[Black "Zhu Chen"]
[Result "1/2-1/2"]
[WhiteElo "2305"]
[BlackElo "2480"]

1.d4 d5 2.c4 c6 3.Nf3 Nf6 4.g3 e6 5.Bg2 Nbd7 6.O-O Be7 7.Qc2 Ne4 8.Nfd2 f5
9.f3 Nxd2 10.Bxd2 O-O 11.e3 b6 12.b3 a5 13.Nc3 Ba6 14.Ne2 Rc8 15.Nf4 Rf6
16.Rfe1 Nf8 17.Bf1 Bb7 18.cxd5 exd5 19.Bd3 g6 20.Re2 Ne6 21.Nxe6 Rxe6 22.Be1 Bg5
23.Bf2 Qe7 24.e4 fxe4 25.fxe4 Kh8 26.Rae1 dxe4 27.Rxe4 Rxe4 28.Bxe4 Qd6 29.Qc3 Bf6
30.Qc4 Re8 31.Qf7 Rf8 32.Qxb7 Bxd4 33.Bxd4+ Qxd4+ 34.Kh1 Qf2 35.Rg1 Qxa2
36.Qxb6 Rf2 37.Qd8+ Kg7 38.Qd4+ Kh6 39.Qe3+ Kg7 40.Bg2 Re2 41.Qd4+ Kh6 42.Qf4+ Kg7
43.Qc7+ Kh6 44.Qxc6 Qxb3 45.Qc1+ Kg7 46.Qc7+ Kh6 47.Qxa5 Qb2 48.Qd5 Rf2 49.Qe4 Kg7
50.Rd1 Rf7 51.Qd4+ Qxd4 52.Rxd4 Ra7 53.h4 Ra2 54.Rd7+ Kh6 55.Rd4 Kg7 56.Kh2 Kf6
57.Kh3 h5 58.Kh2 Rb2 59.Rf4+ Kg7 60.Kg1 Rb1+ 61.Kf2 Rb2+ 62.Kg1 Rb3 63.Bf3 Rb2
64.Re4 Rb3 65.Kf2 Rb2+ 66.Re2 Rb3 67.Bd5 Rd3 68.Be4 Ra3 69.Rd2 Ra6 70.Kf3 Rf6+
71.Ke3 Ra6 72.Rd7+ Kf6 73.Kf4 Ra4 74.Rd6+ Kf7 75.Ke5 Ra5+ 76.Bd5+ Kg7 77.Rd7+ Kh6
78.Kf6 Ra6+ 79.Be6 Ra3 80.Bg8 Rf3+ 81.Ke5 g5 82.hxg5+ Kxg5 83.Rg7+ Kh6 84.Rd7 Rxg3
85.Rh7+ Kg6 86.Rd7 Kh6 87.Be6 Kg5 88.Rg7+ Kh4 89.Rh7 Rf3 90.Bf7 Kg3 91.Bxh5 Rf8
92.Rh6 Kf2 93.Rd6 Rh8 94.Bg6 Ra8 95.Rd2+ Ke3 96.Rd3+ Ke2 97.Rb3 Ra5+ 98.Kf4 Ra4+
99.Be4 Kd2 100.Rh3 Ra7 101.Ke5 Ra5+ 102.Kd4 Ra4+ 103.Ke5 Ra5+ 104.Bd5 Ra4
105.Rh2+ Kd3 106.Rh3+ Kd2 107.Rb3 Kc2 108.Re3 Kd2 109.Rf3 Rb4 110.Be4 Ra4
111.Kf4 Ra7 112.Rd3+ Ke2 113.Re3+ Kd2 114.Rb3 Rf7+ 115.Bf5 Re7 116.Rb4 Kc3
117.Rb6 Kd4 118.Rd6+ Kc5 119.Rd3 Kc4 120.Be4 Rg7 121.Rd1 Kc5 122.Rc1+ Kd4
123.Rd1+ Kc5 124.Rd5+ Kc4 125.Rf5 Kd4 126.Rd5+ Kc4 127.Rd2 Rf7+ 128.Ke3 Kc5
129.Rd5+ Kc4 130.Re5 Rd7 131.Bf5 Rd8 132.Be6+ Kb4 133.Bd5 Kc5 134.Be4+ Kd6
135.Rd5+ Ke7 136.Rxd8 Kxd8  1/2-1/2

[Event "WCh w Blitz Semi-Final"]
[Site "Moscow RUS"]
[Date "2010.09.15"]
[Round "7"]
[White "Krush,I"]
[Black "Zhu Chen"]
[Result "1-0"]
[WhiteElo "2490"]
[BlackElo "2480"]

1.d4 d5 2.c4 e6 3.Nc3 c6 4.e4 dxe4 5.Nxe4 Bb4+ 6.Bd2 Qxd4 7.Bxb4 Qxe4+ 8.Be2 Na6
9.Ba5 b6 10.Qd6 Bd7 11.O-O-O O-O-O 12.Bc3 f6 13.b4 Nh6 14.Bd3 Qxg2 15.c5 b5
16.Ne2 e5 17.Rhg1 Qxf2 18.Rxg7 Nf5 19.Bxf5 Qxf5 20.Ng3 Qe6 21.Ne4 Nc7 22.Nxf6 Qc4
23.Kb2 Nd5 24.Nxd5 cxd5 25.Rxd5 Rhf8 26.Rxd7 Rf2+ 27.Rd2 Rxd2+ 28.Bxd2 Rxd7
29.Qc6+ Rc7 30.Qe8+ Kb7 31.Qxe5 Qd3 32.Bf4 Rd7 33.Qb8+ Kc6 34.Qa8+ Rb7 35.Qc8+  1-0

[Event "WCh w Blitz Semi-Final"]
[Site "Moscow RUS"]
[Date "2010.09.15"]
[Round "9"]
[White "Zhu Chen"]
[Black "Skripchenko,A"]
[Result "0-1"]
[WhiteElo "2480"]
[BlackElo "2464"]

1.d4 d6 2.e4 Nf6 3.Nc3 g6 4.Be3 c6 5.h3 b5 6.Bd3 Bb7 7.Nce2 a6 8.Ng3 Nbd7
9.a4 e5 10.axb5 axb5 11.Rxa8 Qxa8 12.Nf3 Qa5+ 13.c3 Bg7 14.O-O O-O 15.Qb3 h6
16.dxe5 dxe5 17.Qb4 Qxb4 18.cxb4 Ra8 19.Bd2 Ne8 20.Bc3 Nc7 21.Rd1 Bc8 22.Nf1 Ne6
23.Bc2 Nf4 24.Kh2 Ne2 25.Rd6 Nxc3 26.bxc3 Ra6 27.N1d2 Bf8 28.Rd3 Ra7 29.Bb3 Kg7
30.g4 Be7 31.Kg2 Ra3 32.Ne1 Ra7 33.Nc2 Rc7 34.Ne3 Nf8 35.Nf3 Ne6 36.Rd1 Nf4+
37.Kh2 Bf6 38.Ng2 Ne2 39.Rd3 Nc1 40.Bc2 Nxd3 41.Bxd3 Ra7 42.Nd2 Rd7 43.Ne1 Bg5
44.Nb3 Ra7 45.Nc5 Ra1 46.Nf3 Bf4+  0-1

[Event "WCh w Blitz Semi-Final"]
[Site "Moscow RUS"]
[Date "2010.09.15"]
[Round "10"]
[White "Skripchenko,A"]
[Black "Zhu Chen"]
[Result "1/2-1/2"]
[WhiteElo "2464"]
[BlackElo "2480"]

1.e4 e5 2.Nf3 Nc6 3.Bc4 Bc5 4.c3 Nf6 5.d3 a6 6.Bb3 Ba7 7.Nbd2 O-O 8.h3 h6
9.Nf1 d5 10.Qe2 Be6 11.Ng3 Qd6 12.O-O Rfe8 13.Nh4 Rad8 14.Nhf5 Qf8 15.Qf3 dxe4
16.dxe4 Bxb3 17.axb3 Re6 18.b4 Bb6 19.Ne3 g6 20.Nd5 Nh7 21.Nxb6 cxb6 22.Be3 Ne7
23.Rfd1 Red6 24.Rxd6 Rxd6 25.Rd1 Rxd1+ 26.Qxd1 Nc8 27.Qd7 Nd6 28.Bxb6 Nf6
29.Qc7 Ndxe4 30.Nxe4 Nxe4 31.Qxe5 Ng5 32.Bd4 Kh7 33.Bc5 Qd8 34.Bd4 Qf8 35.Qc7 b5
36.Qc6 Ne6 37.Qxa6 Nxd4 38.cxd4 Qxb4 39.Qf6 Qxb2 40.Qxf7+ Kh8 41.Qf8+ Kh7
42.Qf7+ Kh8 43.Qxg6 Qc1+ 44.Kh2 Qf4+ 45.Kg1 Qc1+ 46.Kh2 Qf4+ 47.Kg1 Qc1+
48.Kh2  1/2-1/2

[Event "WCh w Blitz Semi-Final"]
[Site "Moscow RUS"]
[Date "2010.09.15"]
[Round "11"]
[White "Vasilevich,I"]
[Black "Zhu Chen"]
[Result "1-0"]
[WhiteElo "2324"]
[BlackElo "2480"]

1.e4 d6 2.f4 c5 3.Nf3 Nc6 4.Bb5 Bd7 5.Nc3 g6 6.d3 Bg7 7.O-O e6 8.Qe1 Nge7
9.Qh4 Nd4 10.Bxd7+ Qxd7 11.Nxd4 cxd4 12.Nd1 Rc8 13.Rf2 f5 14.Re2 O-O 15.Nf2 Nc6
16.Bd2 a5 17.Rae1 Rfe8 18.Nh3 h6 19.Nf2 Nb4 20.Bxb4 axb4 21.g4 e5 22.exf5 gxf5
23.gxf5 Qxf5 24.Ne4 Re6 25.Kh1 Kh8 26.Ng3 Qf7 27.f5 Rf6 28.Ne4 Rxf5 29.Nxd6 Qd5+
30.Ne4 Rf4 31.Qh3 Rcf8 32.Rg1 Qxa2 33.b3 Qa6 34.Reg2 R8f7 35.Rg6 Qa8 36.Nd6 b6+
37.Ne4 Kh7 38.Rxb6 Rf3 39.Qg2 Qf8 40.Rg6 Bh8 41.Qg4 Rf1 42.Qh5 Rxg1+ 43.Rxg1 Rf4
44.Qg6+  1-0

[Event "WCh w Blitz Semi-Final"]
[Site "Moscow RUS"]
[Date "2010.09.15"]
[Round "12"]
[White "Zhu Chen"]
[Black "Vasilevich,I"]
[Result "1-0"]
[WhiteElo "2480"]
[BlackElo "2324"]

1.d4 e6 2.c4 Bb4+ 3.Nd2 b6 4.a3 Bxd2+ 5.Bxd2 Bb7 6.Bc3 d6 7.d5 e5 8.e4 a5
9.b3 Nd7 10.Bd3 Ne7 11.Ne2 O-O 12.Ng3 Ng6 13.Nf5 Qg5 14.g3 Nc5 15.Bc2 Bc8
16.h4 Qf6 17.Qf3 Bxf5 18.exf5 Ne7 19.Qg4 Kh8 20.h5 h6 21.O-O Ng8 22.b4 axb4
23.axb4 Nd7 24.Ba4 Qe7 25.Bc6 Rxa1 26.Rxa1 Ngf6 27.Qh4 Nb8 28.Bb5 Nbd7 29.Ra7 Qd8
30.Bc6 Kg8 31.Kg2 Nb8 32.Ra8 Qe7 33.Bb5 Nbd7 34.Ra7 Qd8 35.Bd2 Qb8 36.Ra4 Qd8
37.Bc6 Nb8 38.Bb5 Qe7 39.Be3 Rc8 40.Ra7 Kf8 41.Bxb6 Qd8 42.Be3 Nh7 43.Qxd8+ Rxd8
44.Rxc7 Nf6 45.Bc6 Nxh5 46.Ba7 Nf6 47.Rb7 Nbd7 48.c5 dxc5 49.bxc5 e4 50.d6 Ne5
51.Ba4 Nd3 52.Rc7 Nd5 53.Rb7 N5b4 54.Bb3 Nc6 55.Rxf7+ Ke8 56.Rxg7 Nd4 57.Ba4+ Kf8
58.Rh7 Ne5 59.Rh8+  1-0

[Event "WCh w Blitz Semi-Final"]
[Site "Moscow RUS"]
[Date "2010.09.15"]
[Round "13"]
[White "Zhu Chen"]
[Black "Charochkina,D"]
[Result "1-0"]
[WhiteElo "2480"]
[BlackElo "2303"]

1.d4 d5 2.c4 c6 3.Nc3 Nf6 4.e3 e6 5.Nf3 Nbd7 6.Qc2 Bd6 7.Bd3 dxc4 8.Bxc4 b5
9.Be2 O-O 10.O-O Bb7 11.e4 e5 12.Bg5 h6 13.Bh4 Qe7 14.Rad1 b4 15.dxe5 Nxe5
16.Na4 Ng6 17.Bg3 Bxg3 18.hxg3 Nxe4 19.Rfe1 f5 20.Bd3 Rae8 21.Bxe4 fxe4 22.Nc5 Bc8
23.Rxe4 Qf6 24.Rxb4 h5 25.Rbd4 Ne5 26.Nxe5 Rxe5 27.b4 Qe7 28.Re4 h4 29.Rxe5 Qxe5
30.gxh4 Qf4 31.g3 Qg4 32.a3 Qh3 33.Re1 Bg4 34.Qc4+ Kh8 35.Qf1 Qxf1+ 36.Kxf1 Rf3
37.Re3 Rf5 38.f4 Rd5 39.Rd3 Rf5 40.Kf2 Kh7 41.Rd6 Rf8 42.Rxc6 Rd8 43.Ne4 Re8
44.Ng5+ Kg8 45.Rc2 Rd8 46.Ke3 g6 47.Rd2 Re8+ 48.Kd4 Rd8+ 49.Kc3 Rc8+ 50.Kb3 Kg7
51.b5 Rc1 52.a4 Rb1+ 53.Ka3 Bf5 54.Rb2 Ra1+ 55.Kb4 Bd3 56.Rd2 Bf5 57.Re2 Kf6
58.a5 Bd3 59.Re5 Rb1+ 60.Ka4 Bc2+ 61.Ka3 Rb3+ 62.Ka2 Rxg3 63.Ne4+ Bxe4 64.Rxe4 Rc3
65.b6 axb6 66.axb6 Rc8 67.Re5 Rb8 68.Rb5 Rb7 69.Kb3 Ke6 70.Kc4 Kd6 71.Kd4 Kc6
72.Rb1 Rd7+ 73.Ke5 Kb7 74.Kf6 Rd4 75.Kxg6 Rxf4 76.h5 Rd4 77.Rb5 Rd6+ 78.Kg5 Rd1
79.h6 Rg1+ 80.Kf6 Rh1 81.Kg6 Rg1+ 82.Rg5 Rd1 83.h7 Rd6+ 84.Kh5 Rd1 85.Kh6  1-0

[Event "WCh w Blitz Semi-Final"]
[Site "Moscow RUS"]
[Date "2010.09.15"]
[Round "14"]
[White "Charochkina,D"]
[Black "Zhu Chen"]
[Result "0-1"]
[WhiteElo "2303"]
[BlackElo "2480"]

1.d4 d5 2.c4 c6 3.Nc3 e6 4.Nf3 dxc4 5.e3 b5 6.a4 Bb4 7.Bd2 a5 8.axb5 Bxc3
9.Bxc3 cxb5 10.b3 Nf6 11.bxc4 Ne4 12.Bb2 b4 13.Bd3 Bb7 14.O-O O-O 15.c5 Nd7
16.Ne5 Nxe5 17.Bxe4 Bxe4 18.dxe5 Qxd1 19.Rfxd1 Bd5 20.Rd4 Rfc8 21.e4 Bb3
22.Rc1 Ba4 23.Ra1 Bc2 24.Rc4 Bb3 25.Rd4 h6 26.h3 Kh7 27.g3 Bc2 28.Rc4 b3
29.Raa4 Ra6 30.Kg2 Bd3 31.Rc3 Bb5 32.Ra1 a4 33.Ba3 Rd8 34.Rac1 Bc6 35.Kf3 Ra7
36.Ke3 Rad7 37.Rb1 Rd4 38.f3 Rd2 39.Rc4 R8d3+ 40.Kf4 g5+ 41.Kg4 Kg6 42.h4 h5+
43.Kh3 Rxf3 44.hxg5 Kxg5 45.Bc1 Rf2 46.Rd4 Rh2+  0-1

[Event "WCh w Blitz Semi-Final"]
[Site "Moscow RUS"]
[Date "2010.09.15"]
[Round "16"]
[White "Zhu Chen"]
[Black "Muzychuk,M"]
[Result "0-1"]
[WhiteElo "2480"]
[BlackElo "2464"]

1.d4 f5 2.Nf3 Nf6 3.g3 g6 4.Bg2 Bg7 5.O-O O-O 6.c3 d6 7.b4 e6 8.Qb3 Qe7 9.a4 Kh8
10.Ba3 Nbd7 11.Nbd2 e5 12.dxe5 Nxe5 13.Nxe5 Qxe5 14.Nf3 Qe7 15.e3 Ne4 16.Rac1 g5
17.c4 g4 18.Nd4 Nd2 19.Qd3 Nxf1 20.Rxf1 c6 21.b5 c5 22.Ne2 Be6 23.Nf4 Rab8
24.Nd5 Qf7 25.Qd2 Be5 26.h4 gxh3 27.Bxh3 Rg8 28.Bg2 Rg6 29.Bb2 Rh6 30.Bxe5+ dxe5
31.Qb2 Qg7 32.f4 e4 33.Qxg7+ Kxg7 34.Rd1 Rd8 35.Kf2 Kf7 36.a5 Bxd5 37.cxd5 Rhd6
38.Bf1 Ke7 39.Bc4 b6 40.a6 Rg8 41.Rh1 Rg7 42.Rh5 Rf6 43.Rh3 Rfg6 44.Kg2 Kd6
45.Kf2 h5 46.Be2 h4 47.gxh4 Rg2+ 48.Ke1 Kxd5 49.h5 Rh7 50.Kf1 Rg8 51.Kf2 c4
52.Rh1 c3 53.Rd1+ Kc5 54.Rd4 Rhg7 55.Rc4+ Kxb5 56.Rxc3+ Kb4 57.Rc4+ Kb3 58.Rc6 Rg2+
59.Ke1 R8g7 60.Rf6 Kc3 61.Rxf5 Rg1+ 62.Bf1 Rh1 63.Kf2 Rh2+ 64.Ke1 Rg1 65.Rf8 Rhh1
66.Rc8+ Kb3 67.h6 Rxf1+  0-1

[Event "WCh w Blitz Semi-Final"]
[Site "Moscow RUS"]
[Date "2010.09.16"]
[Round "19"]
[White "Nebolsina,V"]
[Black "Zhu Chen"]
[Result "1/2-1/2"]
[WhiteElo "2360"]
[BlackElo "2480"]

1.d4 d5 2.c4 c6 3.Nc3 Nf6 4.e3 e6 5.Nf3 Nbd7 6.Bd3 dxc4 7.Bxc4 b5 8.Bd3 a6
9.e4 c5 10.e5 cxd4 11.Nxb5 axb5 12.exf6 gxf6 13.O-O Qb6 14.Qe2 Bb7 15.Bxb5 Rd8
16.a4 Rg8 17.Bf4 Rg4 18.Bg3 h5 19.Rfc1 e5 20.a5 Qd6  1/2-1/2

[Event "WCh w Blitz Semi-Final"]
[Site "Moscow RUS"]
[Date "2010.09.16"]
[Round "21"]
[White "Zhu Chen"]
[Black "Zhukova,N"]
[Result "0-1"]
[WhiteElo "2480"]
[BlackElo "2499"]

1.d4 d5 2.c4 c6 3.Nc3 Nf6 4.e3 e6 5.Nf3 Nbd7 6.Qc2 b6 7.b3 Bd6 8.Bd3 O-O
9.O-O Bb7 10.Bb2 h6 11.e4 dxe4 12.Nxe4 Nxe4 13.Bxe4 Nf6 14.Ne5 Qc7 15.Bf3 c5
16.Bxb7 Qxb7 17.dxc5 Bxc5 18.Nd3 Be7 19.b4 Rac8 20.Rac1 Ne4 21.a3 Bg5 22.Rcd1 Qc7
23.Ne5 Nd6 24.c5 bxc5 25.bxc5 Nf5 26.c6 Bf4 27.Rd7 Qb8 28.Qe2 Qb3 29.g3 Bxe5
30.Bxe5 Rxc6 31.Rxa7 Rc2 32.Qg4 Qc4 33.Qxc4 Rxc4 34.a4 f6 35.Bf4 e5 36.Bd2 Nd4
37.Be3 Ne2+ 38.Kg2 Nc3 39.Ra1 Rb8 40.a5 Rb2 41.Rc1 Rb3 42.a6 Ra4 43.Rc7 Nb5
44.Rc8+ Kh7 45.a7 Nxa7 46.Ra8  0-1

[Event "WCh w Blitz Semi-Final"]
[Site "Moscow RUS"]
[Date "2010.09.16"]
[Round "22"]
[White "Zhukova,N"]
[Black "Zhu Chen"]
[Result "1-0"]
[WhiteElo "2499"]
[BlackElo "2480"]

1.d4 d5 2.c4 e6 3.Nc3 c6 4.e3 Nf6 5.Nf3 Nbd7 6.Bd3 dxc4 7.Bxc4 b5 8.Be2 Bb7
9.O-O Bd6 10.a3 a5 11.e4 e5 12.Bg5 b4 13.Na4 O-O 14.Qc2 h6 15.Bh4 Qe7 16.Rfe1 exd4
17.Bf1 c5 18.e5 Nxe5 19.Nxe5 Bxe5 20.f4 d3 21.Qxd3 Bd4+ 22.Kh1 Qd6 23.Qg3 Ne4
24.Qg4 f5 25.Bc4+ Kh8 26.Qh5 Qxf4 27.Rf1 Qd2 28.Qg6 Ng5 29.Bf2 Bxf2 30.Nb6 Bd4
31.Bd5 Bxd5 32.Nxd5 Bxb2 33.Rab1 Qxd5 34.Rxb2 Rf6 35.Qh5 Qe4 36.axb4 axb4
37.Re2 Qc4 38.Rd1 Raf8 39.Rf2 Qb3 40.h4 Ne4 41.Re2 Ng3+  1-0

[Event "39th Olympiad Men"]
[Site "Khanty-Mansiysk RUS"]
[Date "2010.09.23"]
[Round "3"]
[White "Goutali,T"]
[Black "Zhu Chen"]
[Result "1/2-1/2"]
[WhiteElo "2261"]
[BlackElo "2480"]

1.e4 e5 2.Nf3 Nc6 3.Bc4 Bc5 4.c3 Nf6 5.d3 a6 6.Bb3 Ba7 7.Nbd2 O-O 8.h3 d6
9.Nf1 Ne7 10.Ng3 Ng6 11.O-O b5 12.Re1 c5 13.d4 h6 14.a4 Bb7 15.d5 Bc8 16.Bc2 Bd7
17.Be3 Qc7 18.Qd2 Rfb8 19.Nf5 Bxf5 20.exf5 Nf4 21.Bxf4 exf4 22.b3 c4 23.b4 Re8
24.Rxe8+ Rxe8 25.axb5 axb5 26.Nd4 Bxd4 27.Qxd4 Qb7 28.Qxf4 Qxd5 29.Rd1 Qe5
30.Qxe5 dxe5 31.f3 Ra8 32.Be4 Nxe4 33.fxe4 Ra3 34.Rd5 f6 35.Rxb5 Rxc3 36.Rc5 h5
37.h4 Kh7 38.Rc7 Rc2 39.b5 Rb2 40.Rxc4 Rxb5 41.Kf2 Rb2+ 42.Kf3 Rb3+ 43.Kf2 Kh6
44.Rc6 Rb4 45.Kf3 Rb1 46.g3 Rb3+ 47.Kf2 Kh7 48.Ra6 Rb7 49.Kf3 Kg8 50.Ra8+ Kf7
51.Rh8 Rb1 52.Rxh5 Kg8 53.g4 Rb3+ 54.Kf2 Rb2+ 55.Kf3 Rb3+ 56.Ke2 Rb2+ 57.Kd3 Rb3+
58.Kc4 Rb1 59.Kd5 Rd1+ 60.Ke6 Ra1 61.g5 Ra6+ 62.Kd5 Ra5+ 63.Kc6 Ra4 64.gxf6 gxf6
65.Rh6 Kf7 66.Rh7+ Kg8 67.Rb7 Rxe4 68.Kd5 Rxh4 69.Ke6 e4 70.Kxf6 e3 71.Rb8+ Kh7
72.Re8 Rh1 73.Kf7 Ra1 74.Rxe3 Ra7+ 75.Re7 Ra8 76.f6 Rb8 77.Rd7 Rb1 78.Re7 Rb8
79.Rc7 Rb1 80.Ra7 Rb2 81.Ke7 Rb8 82.Rc7 Ra8 83.Kf7 Ra1 84.Rc5 Ra7+ 85.Ke6 Kg6
86.Rc6 Rf7 87.Ke5 Ra7 88.Rd6 Kf7 89.Kf5  1/2-1/2

[Event "39th Olympiad Men"]
[Site "Khanty-Mansiysk RUS"]
[Date "2010.09.24"]
[Round "4"]
[White "Zhu Chen"]
[Black "Pace,C"]
[Result "0-1"]
[WhiteElo "2480"]
[BlackElo "2161"]

1.d4 f5 2.g3 Nf6 3.Bg2 g6 4.Nf3 Bg7 5.O-O O-O 6.c3 d6 7.b4 a6 8.Qb3+ e6 9.Nbd2 Nc6
10.Re1 Kh8 11.Bb2 e5 12.dxe5 Nxe5 13.Nxe5 dxe5 14.Rad1 Qe7 15.e4 f4 16.c4 fxg3
17.hxg3 Bg4 18.Nf3 Nd7 19.Rd3 Rf7 20.Nd2 Raf8 21.f3 Be6 22.Qc3 Nb6 23.Ba3 Rd8
24.Bf1 Rxd3 25.Bxd3 Qg5 26.Kg2 Bh6 27.Nf1 Bh3+ 28.Kf2 Rxf3+ 29.Kxf3 Qf6+  0-1

[Event "39th Olympiad Men"]
[Site "Khanty-Mansiysk RUS"]
[Date "2010.09.25"]
[Round "5"]
[White "Zhu Chen"]
[Black "Cmilyte,V"]
[Result "1/2-1/2"]
[WhiteElo "2480"]
[BlackElo "2513"]

1.d4 f5 2.g3 Nf6 3.Bg2 e6 4.Nf3 d5 5.O-O Bd6 6.c4 c6 7.b3 Qe7 8.a4 a5 9.Ba3 Bxa3
10.Nxa3 O-O 11.Qc1 b6 12.Qb2 Bb7 13.Rac1 Na6 14.Ne5 Rac8 15.Rfd1 Rfd8 16.e3 Ne4
17.Bf1 c5 18.cxd5 exd5 19.Nb5 Nb4 20.Na7 Ra8 21.Nb5 Rac8 22.Na7 Ra8 23.Nb5 Rac8  1/2-1/2

[Event "39th Olympiad Men"]
[Site "Khanty-Mansiysk RUS"]
[Date "2010.09.27"]
[Round "6"]
[White "Nelis,JF"]
[Black "Zhu Chen"]
[Result "0-1"]
[WhiteElo "2238"]
[BlackElo "2480"]

1.e4 c5 2.c3 Nf6 3.e5 Nd5 4.d4 cxd4 5.Nf3 e6 6.cxd4 Be7 7.Bd3 b6 8.Nc3 Nxc3
9.bxc3 Bb7 10.O-O Nc6 11.Qe2 d6 12.Re1 dxe5 13.dxe5 Qc7 14.Nd4 Nxd4 15.cxd4 O-O
16.Be3 Qc6 17.Qg4 Rfc8 18.h4 h5 19.Qh3 Qd5 20.Rad1 Qxa2 21.Bg5 Bxg5 22.hxg5 g6
23.Re3 Rc7 24.g4 hxg4 25.Qxg4 Rac8 26.Bb1 Qa4 27.Bxg6 Qxd1+  0-1

[Event "39th Olympiad Men"]
[Site "Khanty-Mansiysk RUS"]
[Date "2010.09.28"]
[Round "7"]
[White "Erdene,G"]
[Black "Zhu Chen"]
[Result "1/2-1/2"]
[WhiteElo "2330"]
[BlackElo "2480"]

1.d4 d5 2.c4 c6 3.cxd5 cxd5 4.Nc3 Nf6 5.Nf3 Nc6 6.Bf4 Bf5 7.Rc1 Rc8 8.Qb3 Na5
9.Qa4+ Bd7 10.Qd1 Qb6 11.Ne5 Qxb2 12.Nxd7 Rxc3 13.Rxc3 Qxc3+ 14.Bd2 Qa3 15.Nxf6+ exf6
16.Qb1 a6 17.e3 Be7 18.Bd3 g6 19.O-O O-O 20.Bxa5 Qxa5 21.Qxb7 Qa3 22.Qxa6 Ra8
23.Qxa3 Rxa3 24.Bb1 Bb4 25.g3 Kf8 26.Kg2 Bc3 27.Rd1 f5 28.h4 h5 29.Rc1 Ke7
30.Bc2 Bd2 31.Rd1 Bb4 32.Bb3 Kd6 33.Rb1 Ba5 34.Rc1 Bb6 35.Rc8 Ra7 36.Rb8 Bc7
37.Rh8 Ra5 38.Kf1 Kd7 39.Ke2 Kd6 40.Kd3 Ke6 41.Kc2 Ra7 42.Kb2 Kd6 43.a4 Ke6
44.Bd1 Ba5 45.Rc8 Rc7 46.Rxc7 Bxc7 47.Kc2 Ba5 48.Kd3 Kd6 49.Ke2 Bc3 50.f3 Kc6
51.Bb3 Kd6 52.e4 fxe4 53.fxe4 dxe4 54.Bxf7 Bxd4 55.Bxg6 Be5 56.g4 hxg4 57.Bxe4 Ke6
58.h5 Kf7 59.h6 Bc7 60.Bf5 g3 61.Kf3 Kg8 62.Kg2 Kh8 63.a5 Bxa5 64.Kxg3  1/2-1/2

[Event "39th Olympiad Men"]
[Site "Khanty-Mansiysk RUS"]
[Date "2010.09.29"]
[Round "8"]
[White "Zhu Chen"]
[Black "Collutiis,D"]
[Result "1/2-1/2"]
[WhiteElo "2480"]
[BlackElo "2447"]

1.d4 d5 2.c4 c6 3.Nc3 Nf6 4.Nf3 dxc4 5.a4 Bf5 6.e3 e6 7.Bxc4 Bb4 8.O-O O-O
9.Ne5 Nbd7 10.Nxd7 Qxd7 11.f3 Rfd8 12.Qe2 Bg6 13.Na2 Bd6 14.e4 e5 15.dxe5 Bxe5
16.Kh1 Bc7 17.Bg5 Qe7 18.Nc3 h6 19.Bh4 Bf4 20.Be1 Rd7 21.Rd1 Rad8 22.Rxd7 Nxd7
23.g3 Be5 24.Nd1 Bd4 25.g4 Ne5 26.h3 Nxc4 27.Qxc4 Bb6 28.Nc3 Kh8 29.Qe2 f6
30.Bg3 Bf7 31.Rd1 Rxd1+ 32.Qxd1 Qb4 33.Qd2 Qc5 34.Bh2 Bb3 35.Kg2 a6 36.h4 Qe3
37.Qxe3 Bxe3 38.e5 Bd4 39.exf6 Bxf6 40.Ne4 Bxb2 41.Nc5 Bd5 42.a5 Kg8 43.Nxb7 Bd4
44.Bd6 Bc3 45.Bc7 Kf7 46.Nc5 Bc4 47.Ne4 Bb4 48.Nd6+ Bxd6  1/2-1/2

[Event "39th Olympiad Men"]
[Site "Khanty-Mansiysk RUS"]
[Date "2010.09.30"]
[Round "9"]
[White "Montalvo,A"]
[Black "Zhu Chen"]
[Result "0-1"]
[WhiteElo "2250"]
[BlackElo "2480"]

1.d4 d5 2.c4 e6 3.Nf3 c6 4.Qc2 Nf6 5.g3 dxc4 6.Qxc4 b5 7.Qc2 Bb7 8.Bg2 Nbd7
9.O-O c5 10.Nbd2 Rc8 11.dxc5 Bxc5 12.Qd3 b4 13.b3 O-O 14.Bb2 Qe7 15.Ng5 Bxg2
16.Kxg2 Rfd8 17.Qf3 h6 18.Nge4 Nxe4 19.Nxe4 f5 20.Nxc5 Nxc5 21.Rfd1 Ne4 22.Rxd8+ Qxd8
23.Qe3 Rc2 24.Qd4 Qc7 25.a3 Qb7 26.axb4 Nd2+ 27.Kh3 Nxb3 28.Qd8+ Kh7 29.Ra2 Rxe2
30.Bxg7 Qxg7 31.Rxe2 Qg4+ 32.Kg2 Qxe2 33.Qe7+ Kg6 34.Qe8+ Kf6 35.Qf8+ Ke5
36.Qb8+ Kd4 37.Qxa7+ Kc3 38.Qg7+ Nd4 39.Qxh6 Qf3+ 40.Kg1 Qd1+ 41.Kg2 Qf3+
42.Kg1 Kd3 43.Qe3+ Qxe3 44.fxe3 Kxe3 45.Kg2 e5  0-1

[Event "39th Olympiad Men"]
[Site "Khanty-Mansiysk RUS"]
[Date "2010.10.01"]
[Round "10"]
[White "Zhu Chen"]
[Black "Rasmussen,A"]
[Result "1/2-1/2"]
[WhiteElo "2480"]
[BlackElo "2530"]

1.d4 d5 2.c4 dxc4 3.e4 Nf6 4.e5 Nd5 5.Bxc4 Nb6 6.Bd3 Nc6 7.Ne2 Bg4 8.f3 Be6
9.Nbc3 Bc4 10.Bxc4 Nxc4 11.e6 fxe6 12.Qb3 Nb6 13.Be3 Qd7 14.O-O g6 15.Ne4 Qd5
16.Qd1 O-O-O 17.Nf4 Qf5 18.g4 Qf7 19.Qb3 Bh6 20.g5 Bg7 21.Qxe6+ Qxe6 22.Nxe6 Nc4
23.Bf2 Bxd4 24.Bxd4 Nxd4 25.Nxd8 Rxd8 26.Rf2 Rf8 27.Kg2 Ne3+ 28.Kg3 e5 29.Re1 Rf4
30.h3 Nef5+ 31.Kg2 Nh4+ 32.Kh1 Nhxf3 33.Re3 b6 34.Nf6 Nxg5 35.Rxf4 exf4 36.Re8+ Kb7
37.h4 Ngf3 38.Re4 Nf5 39.Rxf4 N3xh4 40.Nxh7 Ng3+ 41.Kh2 Nhf5 42.Nf8 Ne2 43.Rf1 Ned4
44.Nxg6 Ne3 45.Rf7 Nc4 46.Rf4 c5 47.Rf7+ Ka6 48.b3 Na3 49.Ne5 Nb1 50.Nd3 Nc3
51.Nc1 Nde2 52.Nxe2 Nxe2 53.Rf2 Nd4 54.Kg1 Kb5 55.Kf1 a5 56.Rf6 c4 57.bxc4+ Kxc4
58.Rxb6 Nc2 59.Ke2 Nb4 60.a3 Nc2 61.a4 Nd4+ 62.Ke3 Nb3 63.Rb5 Nc5 64.Rxa5 Kb4
65.Ra8 Nxa4 66.Kd4 Nb6 67.Ra1 Kb5 68.Rc1 Nd7 69.Rc7 Nb6 70.Rc5+ Kb4 71.Rh5 Nd7
72.Rh1 Kb5 73.Rc1 Nb6 74.Ke5 Nc4+ 75.Kd5 Nb6+ 76.Kd4 Nd7 77.Rb1+ Kc6 78.Ke4 Nb6  1/2-1/2

[Event "Trophee CCAS GpB"]
[Site "Cap d'Agde FRA"]
[Date "2010.10.23"]
[Round "1"]
[White "Zhu Chen"]
[Black "Gharamian,T"]
[Result "1/2-1/2"]
[WhiteElo "2480"]
[BlackElo "2658"]

1.d4 Nf6 2.c4 e6 3.Nc3 Bb4 4.Qc2 c5 5.dxc5 Bxc5 6.Nf3 Qb6 7.e3 Be7 8.Be2 a6
9.b3 Qc7 10.Bb2 d6 11.Rc1 b6 12.O-O Bb7 13.Rfd1 Nbd7 14.Ng5 Rc8 15.Qb1 Qb8
16.Bf3 Bxf3 17.Nxf3 O-O 18.Nd4 g6 19.h3 Qb7 20.a4 Rfd8 21.Nde2 Nc5 22.Ba1 Nce4
23.Qb2 Rc5 24.f3 Nxc3 25.Nxc3 e5 26.Rc2 Rdc8 27.Rcd2 Bf8 28.Rd3 Qd7 29.Qd2 Qe6
30.e4 Nh5 31.Nd5 b5 32.cxb5 axb5 33.axb5 Rxb5 34.Bb2 Nf6 35.Nxf6+ Qxf6 36.Ba3 Rc6
37.Rc1 Rxc1+ 38.Qxc1 Qe6 39.Qc3 Rb8 40.Kh1 Rc8 41.Qd2 Ra8 42.Qc1 h5 43.Qb2 Rb8
44.Qc2 Rc8 45.Qd1 Rb8 46.Rd5 Rb6 47.Qd3 h4 48.b4 Qc8 49.b5 Rb7 50.Kh2 Rc7
51.b6 Rc6 52.Bxd6 Bxd6 53.Rxd6 Kg7 54.Qd5 Rc2 55.Qxe5+ Kh7 56.Qf6 Qc4 57.Qxh4+ Kg7
58.Qf6+ Kh7 59.Rd8 Rxg2+ 60.Kxg2 Qe2+ 61.Kg3 Qe1+ 62.Kf4 Qc1+ 63.Ke5 Qc3+
64.Rd4 Qc5+ 65.Kf4 Qc1+ 66.Kg3 Qg1+ 67.Kf4 Qc1+ 68.Kg3 Qg1+ 69.Kf4 Qc1+  1/2-1/2

[Event "Trophee CCAS GpB"]
[Site "Cap d'Agde FRA"]
[Date "2010.10.24"]
[Round "2"]
[White "Ivanchuk,V"]
[Black "Zhu Chen"]
[Result "1/2-1/2"]
[WhiteElo "2754"]
[BlackElo "2480"]

1.e4 d6 2.g3 c5 3.Bg2 Nc6 4.Ne2 g6 5.c3 e5 6.d4 Bg7 7.Be3 b6 8.Qd2 Ba6 9.Na3 Nge7
10.d5 Nb8 11.c4 f5 12.f3 Nd7 13.g4 Nf6 14.h3 Bc8 15.O-O-O a6 16.Kb1 Bd7 17.Ka1 Qc7
18.Nc3 f4 19.Bf2 h5 20.g5 Nh7 21.h4 O-O 22.Rb1 a5 23.Nab5 Qb8 24.Bh3 Bxh3
25.Rxh3 Rd8 26.Rhh1 Nf8 27.Qd1 Nc8 28.Qf1 Na7 29.Na3 Qc8 30.b3 Rb8 31.Be1 Kf7
32.Bd2 Qd7 33.Kb2 Rb7 34.Qe2 Qc8 35.Qf1 Nd7 36.Qh3 Nb8 37.Qxc8 Rxc8 38.Rhd1 Na6
39.Na4 Bf8 40.Be1 Be7 41.Nc3 Ke8 42.Ra1 Bd8 43.Nab1 Nc7 44.Nd2 Kd7 45.Rab1 Ra8
46.Kc2 b5 47.cxb5 Naxb5 48.Nxb5 Nxb5 49.Kd3 Na3 50.Rb2  1/2-1/2